Oral & Maxillofacial Surgery for the Clinician (Record no. 26875)

MARC details
000 -LEADER
fixed length control field 00379nam a22001457a 4500
003 - CONTROL NUMBER IDENTIFIER
control field SGT
020 ## - INTERNATIONAL STANDARD BOOK NUMBER
International Standard Book Number 9789811513459
082 ## - DEWEY DECIMAL CLASSIFICATION NUMBER
Classification number 617.522
Item number O21B
100 ## - MAIN ENTRY--PERSONAL NAME
Personal name Bonanthaya, Krishna
245 ## - TITLE STATEMENT
Title Oral & Maxillofacial Surgery for the Clinician
260 ## - PUBLICATION, DISTRIBUTION, ETC. (IMPRINT)
Name of publisher, distributor, etc Springer
Year of Publication 2021
300 ## - PAGE DESCRIPTION
No. of Pages Vol.1 : 1-935 Vol. 2 : 936-2008
650 ## - SUBJECT ADDED ENTRY--TOPICAL TERM
Topical term or geographic name as entry element Oral & Maxilofacial Surgery
942 ## - ADDED ENTRY ELEMENTS (KOHA)
Source of classification or shelving scheme Dewey Decimal Classification
Koha item type Books
Holdings
Withdrawn status Lost status Source of classification or shelving scheme Damaged status Use restrictions Not for loan Home library Current library Shelving location Date acquired Vendor Name Volume Information (Serial or Books or Non-Book Material) SGTU Bill Number Full call number Accession No. (Barcode) Date last seen Bill Date Koha item type Total Checkouts
    Dewey Decimal Classification   Restricted Access Not For Loan SGT Dental Library SGT Dental Library Reference Book 06/09/2024 Ahuja Book Co. Pvt. Ltd. 1 SGTU 19385 617.522 O21B FD9537 06/09/2024   Books  
    Dewey Decimal Classification   Restricted Access Not For Loan SGT Dental Library SGT Dental Library Reference Book 06/09/2024 Ahuja Book Co. Pvt. Ltd. 2 SGTU 19385 617.522 O21B FD9538 06/09/2024   Books  
    Dewey Decimal Classification   Restricted Access Not For Loan SGT Dental Library SGT Dental Library Reference Book 07/09/2024 Ahuja Book Co. Pvt. Ltd. 1 SGTU 19385 617.522 O21B FD9549 07/09/2024   Books  
    Dewey Decimal Classification   Restricted Access Not For Loan SGT Dental Library SGT Dental Library Reference Book 07/09/2024 Ahuja Book Co. Pvt. Ltd. 2 SGTU 19385 617.522 O21B FD9550 07/09/2024   Books